История физики: пер. с итал.
| Հիմնական հեղինակ: | |
|---|---|
| Լեզու: | ռուսերեն |
| Հրապարակվել է: |
Москва, Мир, 1970
|
| Խորագրեր: |
Галилей
> Г.
> итальянский учёный
> один из основателей точного естествознания
> 1564-1642
> Галилео
Кулон
> Шарль Огюстен
> Ш. О.
> французский инженер
> физик
> основатель электростатики
> 1736 - 1806
Вольта
> Алессандро
> А.
> 1745 - 1827
> итальянский физик и физиолог
> один из основоположников учения об электричестве
|
| Ձևաչափ: | Գիրք |
| KOHA link: | https://koha.lib.tpu.ru/cgi-bin/koha/opac-detail.pl?biblionumber=32759 |
MARC
| LEADER | 00000nam0a2200000 4500 | ||
|---|---|---|---|
| 001 | 32759 | ||
| 005 | 20231101210119.0 | ||
| 035 | |a (RuTPU)RU\TPU\book\33061 | ||
| 035 | |a BOOK00001150 | ||
| 090 | |a 32759 | ||
| 100 | |a 20011210d1970 km y0rusy50 ca | ||
| 101 | 1 | |a rus |c ita | |
| 102 | |a RU | ||
| 105 | |a a z 001zd | ||
| 200 | 1 | |a История физики |e пер. с итал. |f М. Льоцци | |
| 210 | |a Москва |c Мир |d 1970 | ||
| 215 | |a 464 с. |c ил. | ||
| 320 | |a Библиогр.: с. 450-452. | ||
| 320 | |a Именной указ.: с. 453-460. | ||
| 600 | 0 | |a Леонардо да Винчи |c итальянский живописец |c скульптор |f 1452 - 1519 |2 stltpush |3 (RuTPU)RU\TPU\pers\8521 | |
| 600 | 1 | |a Галилей |b Г. |c итальянский учёный |c один из основателей точного естествознания |f 1564-1642 |g Галилео |2 stltpush |3 (RuTPU)RU\TPU\pers\94 |9 56 | |
| 600 | 1 | |a Ньютон |g Исаак |b И. |f 1642 - 1726 |c английский математик |c механик |c астроном |c физик |2 stltpui |3 (RuTPU)RU\TPU\pers\346 | |
| 600 | 1 | |a Кулон |g Шарль Огюстен |b Ш. О. |c французский инженер |c физик |c основатель электростатики |f 1736 - 1806 |2 stltpui |3 (RuTPU)RU\TPU\pers\1950 | |
| 600 | 1 | |a Гальвани |g Луиджи |b Л. |c итальянский физик и физиолог |f 1737 - 1798 |2 stltpui |3 (RuTPU)RU\TPU\pers\1951 | |
| 600 | 1 | |a Вольта |g Алессандро |b А. |f 1745 - 1827 |c итальянский физик и физиолог |c один из основоположников учения об электричестве |2 stltpui |3 (RuTPU)RU\TPU\pers\56 | |
| 600 | 1 | |a Фарадей |g Майкл |b М. |f 1791-1867 |c английский физик, химик |2 stltpush |3 (RuTPU)RU\TPU\pers\1366 | |
| 600 | 1 | |a Франклин |b Б. (В.) |c американский государственный и общественный деятель |c естествоиспытатель, философ |f 1706-1790 |g Бенджамин (Вениамин) |2 stltpush |3 (RuTPU)RU\TPU\pers\11685 |9 2854 | |
| 606 | 1 | |a Физика |x История |2 stltpush |3 (RuTPU)RU\TPU\subj\42263 |9 61950 | |
| 610 | 1 | |a античность | |
| 610 | 1 | |a средние века | |
| 610 | 1 | |a Возрождение | |
| 610 | 1 | |a 18 век | |
| 610 | 1 | |a теплота | |
| 610 | 1 | |a электрический ток | |
| 610 | 1 | |a электроны | |
| 610 | 1 | |a теория относительности | |
| 610 | 1 | |a постоянная Авогадро | |
| 610 | 1 | |a теплоемкость | |
| 610 | 1 | |a материя | |
| 610 | 1 | |a волновая механика | |
| 610 | 1 | |a теория Максвелла | |
| 675 | |a 53(09) |v 3 | ||
| 700 | 1 | |a Льоцци |b М. |g Марио | |
| 801 | 0 | |a RU |b 63413507 |c 20011210 |g PSBO | |
| 801 | 2 | |a RU |b 63413507 |c 20210726 |g PSBO | |
| 942 | |c BK | ||